| 000 | 00630nam a2200217 a 4500 | ||
|---|---|---|---|
| 999 |
_c8884 _d8884 |
||
| 001 | 8884 | ||
| 003 | BD-JhCC | ||
| 005 | 20180305124853.0 | ||
| 008 | 171217s1979 bg |||| |||a 000 0 ben d | ||
| 035 | _a(BD-JhCC)8884 | ||
| 040 |
_aBD-JhCC _dBD-JhCC |
||
| 041 | _aben | ||
| 082 |
_a920.1 _bALM 1979 |
||
| 100 | _aআলম, আখতার-উল | ||
| 245 |
_aইবনে খালদুন / _cআখতার-উল আলম |
||
| 260 |
_aঢাকা : _bইসলামিক ফাউন্ডেশন, _c1979. |
||
| 300 |
_a141 p. : _c22 cm. |
||
| 650 | _aBiography | ||
| 942 |
_2ddc _cBK |
||